000 00312nam a2200133Ia 4500
100 _aMuralikrishna/C
650 _aCommunication skills
942 _cBK
245 _aCOMMUNICATION SKILLA FOR ENGINEERS
260 _bTata McGrawhill
_aChennai
_c2011
082 _a372.6/MUR
300 _a276
546 _aENGLISH
999 _c28025
_d28025